| 000 | 01079nas a2200289 i 4500 | ||
|---|---|---|---|
| 001 | 525784 | ||
| 003 | DO-SdBNP | ||
| 005 | 20260220130732.0 | ||
| 007 | ta | ||
| 008 | 890206e1999 dr m p|ro || |ospa ||spa| | ||
| 011 | _a2009 | ||
| 040 |
_aDO-SdBNP _bspa _cBNPHU _erda |
||
| 041 | _hspa | ||
| 110 | _eEscuela de Filosofía de la UASD | ||
| 245 |
_aRevista Academia / _cEscuela de Filosofía de la UASD. |
||
| 264 |
_aSanto Domingo, República Dominicana : _bDepartamento de Filosofía de la UASD, _c2009. |
||
| 300 |
_avolumen : _bilustraciones, fotografías, gráficas ; _c28 cm. |
||
| 310 | _aMensual. | ||
| 336 |
_atexto _btxt _2rdacontent |
||
| 337 |
_asin mediación _bn _2rdamedia |
||
| 338 |
_avolumen _bnc _2rdacarrier |
||
| 362 | _aAño 2. No. 3, enero 1999. | ||
| 500 | _aCatalogacion basada en el: Año 2. No. 3, enero 1999. | ||
| 500 | _aEs una publicación de la Escuela de Filosofía de la Universidad Autónoma de Santo Domingo UASD. | ||
| 650 | 0 |
_aFilosofía _vPublicaciones periódicas _9813 _zRepública Dominicana |
|
| 942 |
_2ddc _cISSUE |
||
| 999 |
_c60380 _d60380 |
||